Statistics for Nine-Letter Conundrums

Click here to take the quiz!

General Stats

  • This quiz has been taken 37 times
  • The average score is 4 of 10

Answer Stats

LettersAnswer% Correct
CHEATLOCOChocolate
73%
LUCIDTIFFDifficult
55%
RANSEWINGAnswering
48%
FUNTONICSFunctions
39%
SPAWNPEERNewspaper
39%
CONNEDRECConcerned
33%
FACETOFUSSuffocate
33%
FARCEBAITFabricate
30%
HIMFAKESTMakeshift
27%
OUTDODAHLAdulthood
21%

Score Distribution

Percentile by Number Answered

Percent of People with Each Score

Your Score History

You have not taken this quiz